| 000 | 04094nam a22005417a 4500 | ||
|---|---|---|---|
| 001 | B-264351-376 | ||
| 003 | dpl | ||
| 005 | 2008060301361.0 | ||
| 008 | 080603t xxu||||| |||| 00| 0 eng d | ||
| 020 |
_a184135306X _c70.00 |
||
| 035 | _aB-264351-376 | ||
| 040 |
_aDPL _bEN |
||
| 082 | _aS | ||
| 100 | _aBlyton, Enid | ||
| 245 |
_aHello Mr. Twiddle! / _cby Enid Blyton; illustrated by Stephen Dell |
||
| 260 |
_aNottubggansgure _bAward Publications _c2004 |
||
| 270 |
_aThe Old Riding School, The WElbeck Estate, Worksop, _bNottubggansgure |
||
| 300 |
_a118p. _bill. _c20 cm (pbk) |
||
| 490 | _aEnid Blyton Happy days series | ||
| 700 | _aDell, Stephen | ||
| 942 |
_2ddc _cCH _hS _mBLY |
||
| 999 |
_c13190 _d13190 |
||